000 00679nam a2200217Ii 4500
003 JO-AjNU
008 230605s9999||||xx |||||||||||||| ||und||
020 _a978-9953-18-449-4
040 _aJO-AjNU
_bara
_erda
_cJO-AjNU
041 _aara
050 1 4 _aBM195.S2322.2008
100 3 _aالسحمراني، أسعد,
_eauthor
_941099
245 0 0 _aاليهودية عقيدة وشريعة
250 _aط1
264 3 1 _aعمان:دار النفائس للنشر والتوزيع ، 2008
300 _a223ص
336 _atext
_btxt
_2rdacontent
337 _aunmediated
_bn
_2rdamedia
338 _avolume
_bnc
_2rdacarrier
650 4 _aاليهودية-شريعة
_941100
999 _aA17496
_c21064
_d21064